Jurassic World Rebirth Toys #2 - Statistics

General Stats
  • This quiz has been taken 10 times
  • The average score is 5 of 14
Answer Stats
Picture Answer % Correct
Baryonyx
80%
Tyrannosaurus Rex
80%
Monolophosaurus
60%
Iani
40%
Nasutoceratops
40%
Abelisaurus
20%
Beipiaosaurs
20%
Chilantaisaurus
20%
Edmontonia
20%
Eotriceratops
20%
Inostrancevia
20%
Minqaria
20%
Tyrannotitan
20%
Yuxisaurus
20%
No matching quizzes found
Score Distribution
Percent of People with Each Score
Percentile by Number Answered
Your Score History
You have not taken this quiz